| 000 | 00000nam##2200000za#4500 |
| 001 | 9.641269 |
| 003 | CaOODSP |
| 005 | 20210624223128 |
| 007 | cr ||||||||||| |
| 008 | 150407|1998||||xxc|||||o f|0| 0 fre|d |
| 040 | |aCaOODSP|bfre |
| 043 | |an-cn--- |
| 086 | 1 |aH21-301/1998F-PDF |
| 110 | 1 |aCanada.|bSanté Canada. |bBureau de la santé et l'inforoute. |
| 245 | 10|aLes technologies de l'information au service de la santé : |h[ressource électronique]|batelier de consultation du personnel de salles d'urgences dans la region [i.e., région] de Québec |
| 260 | |aOttawa - Ontario : |bSanté Canada. |c1998. |
| 300 | |a26p.|bfigures, tableaux |
| 590 | |a13-03-Supp|b2013-02-11 |
| 691 | 07|aTélésanté|2gcpds |
| 775 | 08|tInformation technologies serving health : |w(CaOODSP)9.697202 |
| 856 | 40|ahttp://publications.gc.ca|qPDF|s1.34 Mo|uhttps://publications.gc.ca/collections/collection_2013/sc-hc/H21-301-1998-fra.pdf |